Die 50 größten Städte in Angola - Statistiken

Allgemein
  • Dieses Quiz wurde 4 mal gespielt
  • Das Durchschnittsergebnis liegt bei 8 aus 50
Antwortstatistiken
Hilfe Stadt 👥 % Korrekt
L6 Luanda 2 800 000
100%
B8 Bailundo 282 000
50%
H6 Huambo 226 000
50%
L6 Lobito 208 000
50%
L7 Lubango 102 500
50%
L6 Lucapa 126 000
50%
L5 Luena 21 000
50%
M6 Matala 244 000
50%
M'b5 - K5 M'banza-Kongo 24 000
50%
M8 Menongue 19 000
50%
P5 A6 Porto Amboim 120 000
50%
Q8 Quimbele 129 000
50%
S7 Saurimo 40 000
50%
U4 Uíge 60 000
50%
A6 Andulo 235 000
0%
B7 Benguela 151 000
0%
B6 Bocoio 154 000
0%
C5 Caála 21 000
0%
C7 Cabinda 66 000
0%
C7 Caconda 10 500
0%
C6 Cacula 128 000
0%
C10 Caluquembe 30 000
0%
C8 Camacupa 142 000
0%
C7 Cambulo 113 000
0%
C9 Cassongue 140 500
0%
C8 Catabola 118 000
0%
C9 Catumbela 17 000
0%
C6 Caxito 28 000
0%
C6 Chibia 181 000
0%
C8 Chicomba 127 000
0%
C8 Chinguar 117 000
0%
C7 Chitato 196 000
0%
C6 Cuango 173 000
0%
C5 Cubal 288 000
0%
E3 Ebo 158 000
0%
G6 Gabela 29 000
0%
G5 Ganda 225 000
0%
K5 Kuito 114 000
0%
L11 Londuimbale 124 000
0%
M7 Malanje 87 000
0%
M7 do Z5 Maquela do Zombo 122 000
0%
M9 Moçâmedes 80 000
0%
N'd9 N’dalatando 21 000
0%
N6 Negaje 135 000
0%
Q7 Quibala 136 000
0%
Q8 Quipungo 147 000
0%
S5 Seles 175 000
0%
S4 Soyo 67 500
0%
S5 Sumbe 33 000
0%
W4-K5 Waku-Kungo 11 000
0%
Keine übereinstimmenden Quizze gefunden
Verteilung der Resultate
Anzahl Personen mit jedem Resultat
Perzentil nach korrekt beantworteten Fragen
Ihre Resultats-Entwicklung
Sie haben dieses Quiz noch nicht gespielt